Music Quiz

Random Music or Song Quiz

The Smiths Songs by Lyric Quiz Stats

 Plays Quiz Updated Feb 27, 2020

Support Sporcle.
Go Orange.
Score 0/40 Timer 12:00
0 Plays Today
Lyric Song Title % Correct
Burn down the disco, hang the blessed DJPanic
74.4%
Do you really think she'll pull through?Girlfriend in a Coma
73.1%
I am the son and the heir of a shyness that is criminally vulgarHow Soon Is Now?
69.4%
And now I know how Joan of Arc feltBigmouth Strikes Again
66.7%
Why pamper life's complexity when the leather runs smooth on the passenger seat?This Charming Man
65.9%
Two lovers entwined pass me byHeaven Knows I'm Miserable Now
65.5%
Spending warm summer days indoors, writing frightening verse to a buck-toothed girl in LuxembourgAsk
60.6%
Keats and Yeats are on your side while Wilde is on mineCemetry Gates
57.7%
Haven't had a dream in a long timePlease Please Please Let Me Get What I Want
56.8%
Would you like to marry me? And, if you like, you can buy the ringWilliam, It Was Really Nothing
55.5%
But then a strange fear gripped me and I just couldn't askThere Is a Light That Never Goes Out
55.2%
And if they don't believe me now, will they ever believe me?The Boy with the Thorn in His Side
49.4%
Belligerent ghouls run Manchester schoolsThe Headmaster Ritual
49.1%
My only weakness is a list of crimes, my only weakness is...well, never mind, never mindShoplifters of the World Unite
48%
As Antony said to Cleopatra as he opened a crate of aleSome Girls Are Bigger Than Others
47.2%
But sometimes I feel more fulfilled, making Christmas cards with the mentally illFrankly Mr. Shankly
46.8%
But still I'd leap in front of a flying bullet for youWhat Difference Does It Make?
45.4%
It's so easy to laugh, it's so easy to hate, it takes guts to be gentle and kindI Know It's Over
44.7%
We can go for a walk where it's quiet and dry and talk about precious thingsThe Queen Is Dead (Take Me Back to Dear Old Blighty) [Medley]
41.7%
He's not strange, he just wants to live his life this wayVicar in a Tutu
41%
Lyric Song Title % Correct
Is it wrong not to always be glad?Sheila Take a Bow
36.8%
Oh, people said that you were virtually dead and they were so wrongReel Around the Fountain
33.7%
Do you have a vacancy for a back-scrubber?Half a Person
33.5%
In the room downstairs she sat and staredGirl Afraid
33%
And the pain was enough to make a shy, bald Buddhist reflect and plan a mass murderStop Me If You Think You've Heard This One Before
30.5%
I just might die with a smile on my face after allThat Joke Isn't Funny Anymore
28.8%
Each household appliance is like a new science in my townNowhere Fast
28.3%
You might sleep, you might sleep, you might sleep but you will never dreamSuffer Little Children
27.4%
Scratch my name on your arm with a fountain pen -- this means you really love meRusholme Ruffians
27.3%
'There is a quick and easy way,' you say before you illustratePretty Girls Make Graves
25.6%
I thought that if you had an acoustic guitar then it meant that you were a protest singerShakespeare's Sister
25.6%
I wear black on the outside 'cause black is how I feel on the insideUnloveable
25.5%
I never talk to my neighbor, I'd rather not get involvedDeath of a Disco Dancer
24.2%
A double bed and a stalwart lover for sure -- these are the riches of the poorI Want the One I Can't Have
23.1%
She said, 'Has the Perrier gone straight to my head? Or is life sick and cruel instead?'I Won't Share You
22.1%
But to you I was faceless, I was fawning, I was boring, a child from those ugly new housesPaint a Vulgar Picture
21.7%
No, I've never had a job because I'm too shyYou've Got Everything Now
20.9%
Oh, the alcoholic afternoons when we sat in your roomThese Things Take Time
20.5%
This is the fierce last stand of all I amWell I Wonder
19.1%
Did I really walk all this way just to hear you say, 'Oh, I don't want to go out tonight'?I Don't Owe You Anything
17.4%

From the Vault

2 Letters in 15 Categories

by BanjoZebra

You can communicate a lot with just two letters. Our favorite is "No."
Remove Ads.
Support Sporcle.
Get the best of Sporcle when you Go Orange. This ad-free experience offers more features, more stats, and more fun while also helping to support Sporcle. Thank you for becoming a member.

Show Comments

Extras

Top Quizzes Today


Score Distribution

Your Account Isn't Verified!

In order to create a playlist on Sporcle, you need to verify the email address you used during registration. Go to your Sporcle Settings to finish the process.

Report this User

Report this user for behavior that violates our Community Guidelines.

Details: